ICT in Czech companies: business efficiency potentials to be achieved

Bibliographic Details
Main Author: Vymětal, Dominik, 1944- (Author)
Format: Article
Language:Slovak
Czech
PhysicalDescription:Grafy, sch., tab.
ISBN:9788022526210
Subjects:

MARC

LEADER 00000naa a2200000 ar4500
001 vtls009628603
003 SK-MaSNL
005 20260302144251.0
008 090716t2009 xo dr|p|||||||000 b|slo
015 |a SNBRA2009/07  |2 snkbucl 
038 |a SNKBUCL 
040 |a SNKBUCL  |b slo  |c SNKBUCL  |e AACR2 
041 0 |a cze  |b eng 
044 |a xo  |c SK 
080 |a 004:654:658.011.4  |2 2001 
080 |a 654  |2 2001 
080 |a 658.011.4  |2 2001 
100 1 |a Vymětal, Dominik,  |d 1944-  |4 aut  |9 264585 
245 1 0 |a ICT in Czech companies: business efficiency potentials to be achieved  |c Dominik Vymětal 
300 |b Grafy, sch., tab. 
504 |a Bibliogr. odkazy 
546 |a Res. angl. 
650 0 7 |a informačné technológie  |2 snkbucl  |9 1527 
650 0 7 |a komunikačné technológie  |2 snkbucl  |9 1529 
650 0 7 |a výkonnosť podniku  |2 snkbucl  |9 68615 
773 0 |t Nové prístupy k riadeniu ponuky podnikov a Jazyková výchova ekonomických odborníkov  |d Bratislava : Ekonóm, 2008  |g S. 227-240  |z 9788022526210 
852 |a SNK  |b KIS3GCP 
958 |a NB 
999 |c 1348295  |d 1350225